Advances in Cashew Production Technology / (Record no. 192723)

MARC details
000 -LEADER
fixed length control field 00627nam a22002057a 4500
010 ## - LCCN (DPL NO)
LC control number ENG-135266
020 ## - INTERNATIONAL STANDARD BOOK NUMBER
International Standard Book Number 9788193746455
Terms of availability 600.00
035 ## - SYSTEM CONTROL NUMBER
System control number EN-118798
037 ## - SOURCE OF ACQUISITION
Source of stock number/acquisition DBAD/PUB
082 ## - DEWEY DECIMAL CLASSIFICATION NUMBER
Classification number 680
245 ## - TITLE STATEMENT
Title Advances in Cashew Production Technology /
Statement of responsibility, etc edited by B.R.Salvi...[et.al.]
260 ## - PUBLICATION, DISTRIBUTION, ETC. (IMPRINT)
Place of publication, distribution, etc Dapoli
Name of publisher, distributor, etc Balasaheb Sawant konkan Krishi Vidyapeeth,
Date of publication, distribution, etc 2018
270 ## - ADDRESS
City Dapoli
Postal code 110009
Address Ratnagiri Maharashtra
300 ## - PHYSICAL DESCRIPTION
Extent 428p.:
Dimensions 22cm(pbk)
Other physical details illus.
700 ## - ADDED ENTRY--PERSONAL NAME
Personal name Haldankar,P.M.
700 ## - ADDED ENTRY--PERSONAL NAME
Personal name Dalvi,N.V.
700 ## - ADDED ENTRY--PERSONAL NAME
Personal name Malshe,K.V.
700 ## - ADDED ENTRY--PERSONAL NAME
Personal name Patil,V.K.
942 ## - ADDED ENTRY ELEMENTS (KOHA)
Source of classification or shelving scheme Dewey Decimal Classification
Item type English Books
Classification part 304.20954
Call number suffix MAN
Holdings
Withdrawn status Lost status Not for loan Collection code Home library Current library Date acquired Source of acquisition Cost, normal purchase price Full call number Barcode Copy number Cost, replacement price Koha item type
      Non-fiction Bawana Bawana 30/09/2022 DBAD/PUB 600.00 304.20954 MAN EN-118798 1 600.00 English Books

© Delhi Public Library
Hit Counter
free hit counter